| 000 | 00632nam a22002417a 4500 | ||
|---|---|---|---|
| 003 | UA-OsUOA | ||
| 001 | 122073 | ||
| 007 | ta | ||
| 008 | 20170410b un ||||| |||| 00| 0 ukr d | ||
| 100 | _aМюрже А. | ||
| 090 |
_a821.161.1 _bМ98 |
||
| 942 | _cBK | ||
| 040 |
_aUA-OsUOA _brus _cUA-OsUOA _dUA-OsUOA |
||
| 245 | _aСцены из жизни богемы | ||
| 300 | _a456 с. | ||
| 955 | _a3 | ||
| 041 | _arus | ||
| 080 | _a821.161.1 | ||
| 591 | _aДімаров А. | ||
| 260 |
_aМ. _bГослитиздат _c1963 |
||
| 650 | 7 |
_a82 Література. Літературознавство _2UDC |
|
| 999 |
_c408511 _d408511 |
||